Management Accounting : Strategic Planning and Marketing stage 4 (Record no. 2050)

MARC details
005 - DATE AND TIME OF LATEST TRANSACTION
control field 20250506145109.0
020 ## - INTERNATIONAL STANDARD BOOK NUMBER
International Standard Book Number 0-434-91269-7
082 ## - DEWEY DECIMAL CLASSIFICATION NUMBER
Classification number 658.151. MCN
100 ## - MAIN ENTRY--PERSONAL NAME
Author name MCNAMEE, P.
245 ## - TITLE STATEMENT
Title Management Accounting : Strategic Planning and Marketing stage 4
260 ## - PUBLICATION, DISTRIBUTION, ETC.
Place of publication, distribution, etc. Oxford,
Name of publisher, distributor, etc. Heinemann Professional Publishing,
Date of publication, distribution, etc. 1988.
300 ## - PHYSICAL DESCRIPTION
Extent ix, 477p.: ill.; figure, table,
Other physical details index,
Dimensions 23cm.
942 ## - ADDED ENTRY ELEMENTS (KOHA)
Source of classification or shelving scheme Dewey Decimal Classification
Koha item type Books
Holdings
Date last seen Total checkouts Full call number Barcode Cost, replacement price Price effective from Koha item type Lost status Source of classification or shelving scheme Damaged status Not for loan Withdrawn status Home library Current library Shelving location Date acquired Cost, normal purchase price
05/06/2025   658.151 MCN 0000007834 30000.00 05/06/2025 Books   Dewey Decimal Classification       College of Business Education Main Library College of Business Education Main Library General Collection 05/06/2025 10000.00
05/06/2025   658.151 MCN 0000007835 30000.00 05/06/2025 Books   Dewey Decimal Classification       College of Business Education Main Library College of Business Education Main Library General Collection 05/06/2025 10000.00